[Event "FIDE WCCC U12 2018"]
[Site "Santiago de Compostela"]
[Date "2018.11.13"]
[Round "9"]
[White "Del Prado Rodriguez, Xulio"]
[Black "Samadov, Read"]
[Result "0-1"]
[WhiteElo "1734"]
[BlackElo "2029"]
[Annotator "NA RC"]
[PlyCount "92"]
[EventDate "2018.11.04"]
[EventType "swiss"]
[EventCountry "ESP"]
[SourceTitle "playchess.com"]
[Source "ChessBase"]
[SourceQuality "1"]
[TimeControl "40/5400+30:1800+30"]

1. Nf3 {[%emt 0:00:00]} e6 {[%emt 0:00:00]} 2. c4 {[%emt 0:00:34]} d5 {[%emt 0:00:01]} 3. d4 {[%emt 0:00:25]} Nf6 {[%emt 0:00:22]} 4. g3 {[%emt 0:00:57]} dxc4 {[%emt 0:01:04]} 5. Qa4+ {[%emt 0:01:19]} c6 {[%emt 0:00:40]} 6. Qxc4 {[%emt 0:00:38]} b5 {[%emt 0:00:23]} 7. Qc2 {[%emt 0:01:56]} Bb7 {[%emt 0:00:51]} 8. Bg2 {[%emt 0:00:33]} Nbd7 {[%emt 0:01:16]} 9. O-O {[%emt 0:04:45]} c5 {[%emt 0:03:06]} 10. dxc5 {[%emt 0:01:20]} Bxc5 {[%emt 0:01:12] LiveBook: 42 Games} 11. Bg5 {[%emt 0:04:54] D30: Queen's Gambit Declined: Systems without Nc3} Rc8 {[%emt 0:04:32]} 12. Qb3 {[%emt 0:01:12]} b4 $146 {[%emt 0:07:31]} ({Predecessor:} 12... a6 13. a4 b4 14. Nbd2 {1-0 (32) Lalith,B (2587)-Zhigalko,S (2671) Doha 2016}) 13. Nfd2 {[%emt 0:03:37]} Bxg2 {[%emt 0:05:29]} 14. Kxg2 {[%emt 0:00:10]} Qc7 {[%emt 0:04:04]} 15. Nf3 {[%emt 0:03:02]} O-O {[%emt 0:08:20]} 16. Nbd2 {[%emt 0:02:39]} a5 {[%emt 0:05:24]} 17. a3 {[%emt 0:04:34]} bxa3 {[%emt 0:06:10]} 18. bxa3 {[%emt 0:02:13]} Qa7 {[%emt 0:03:17]} 19. a4 {[%emt 0:03:11]} Bb4 {[%emt 0:04:36]} 20. Rac1 {[%emt 0:03:16]} Nc5 {[%emt 0:03:52]} ({Don't play} 20... Rxc1 $6 21. Rxc1 Qa8 22. Rc7 $15) 21. Qa2 {[%emt 0:00:16] [#]} Nd5 $1 {[%emt 0:02:15]} 22. Qa1 {[%emt 0:05:59]} (22. Rc4 $17 {was necessary.}) 22... Qd7 {[%emt 0:06:08]} 23. Nc4 {[%emt 0:06:21]} Qxa4 {[%emt 0:03:24]} 24. Qxa4 {[%emt 0:00:10]} Nxa4 {[%emt 0:00:05]} 25. Ra1 {[%emt 0:00:52]} Rxc4 {[%emt 0:03:14]} 26. Rxa4 {[%emt 0:00:04]} Nc3 {[%emt 0:00:33]} 27. Raa1 {[%emt 0:00:58]} Nxe2 {[%emt 0:01:27]} 28. Bd2 {[%emt 0:00:48]} Nc3 {[%emt 0:05:54]} 29. Ne5 {[%emt 0:01:29]} Rc7 {[%emt 0:01:53]} 30. Nd3 {[%emt 0:01:11]} Rd8 {[%emt 0:01:21]} 31. Nxb4 {[%emt 0:00:27]} axb4 {[%emt 0:00:09]} 32. Bxc3 {[%emt 0:00:33]} bxc3 {[%emt 0:00:29]} 33. Rfc1 {[%emt 0:00:06]} c2 {[%emt 0:00:40]} 34. Ra2 {[%emt 0:00:07]} Rdc8 {[%emt 0:00:09]} 35. Kf3 {[%emt 0:00:20]} f6 {[%emt 0:00:40]} 36. Ke2 {[%emt 0:00:10]} Kf7 {[%emt 0:01:01]} 37. Kd2 {[%emt 0:00:16]} Kg6 {[%emt 0:00:08]} 38. Raxc2 {[%emt 0:00:16]} Rxc2+ {[%emt 0:00:08]} 39. Rxc2 {[%emt 0:00:05]} Rxc2+ {[%emt 0:00:06]} 40. Kxc2 {[%emt 0:00:00]} Kf5 {[%emt 0:00:00]} 41. f3 {[%emt 0:00:26]} Ke5 {[%emt 0:04:25]} 42. Kd3 {[%emt 0:00:13]} Kd5 {[%emt 0:00:32]} 43. Ke3 {[%emt 0:00:17]} e5 {[%emt 0:01:12]} 44. Kd3 $19 {[%emt 0:00:35]} f5 {[%emt 0:00:10]} 45. Ke3 {[%emt 0:00:09]} e4 {[%emt 0:00:28]} 46. fxe4+ {[%emt 0:00:07]} fxe4 {[%emt 0:00:02]} 0-1

[Event "FIDE WCCC U12 2018"]
[Site "Santiago de Compostela"]
[Date "2018.11.14"]
[Round "10"]
[White "Murzin, Volodar"]
[Black "Shen, Shiyan"]
[Result "1-0"]
[WhiteElo "2340"]
[BlackElo "2187"]
[Annotator "TA"]
[PlyCount "125"]
[EventDate "2018.11.04"]
[EventType "swiss"]
[EventCountry "ESP"]
[SourceTitle "playchess.com"]
[Source "ChessBase"]
[SourceQuality "1"]

{[%evp 11,125,21,31,15,6,1,12,0,0,0,0,0,0,0,41,-12,0,0,25,48,61,25,32,27,35,40,36,22,19,29,63,50,58,53,58,47,48,50,62,70,79,79,81,65,86,72,81,44,66,60,65,51,60,52,55,55,54,33,111,123,123,107,128,122,123,120,122,131,130,114,104,105,171,171,154,132,142,139,180,186,185,185,180,180,187,193,186,163,167,166,170,153,644,642,656,654,541,644,2184,2184,1826,1306,5610,5297,2022,1943,29974,29975,29975,29976,29975,29977,29977,29978,29983,29984]} 1. e4 d5 2. exd5 Nf6 3. Nc3 Nxd5 4. Bc4 Nb6 5. Bb3 Nc6 6. Nf3 Bf5 {LiveBook: 54 Games} 7. a3 {B02: Alekhine's Defence: Chase Variation and lines with early Nc3} (7. h3 {looks sharper.} e6 8. O-O Be7 9. Re1 O-O 10. Ne4) 7... e6 8. d4 Be7 9. O-O {The position is equal.} O-O 10. h3 Bf6 {[%cal Rc6d4]} 11. Ne2 Be4 12. Nd2 Bg6 13. Nf3 ({White should try} 13. c3 $14) 13... Be4 14. Nd2 Bg6 15. c3 Qd6 16. Nf3 $146 ({Predecessor:} 16. Bc2 e5 17. Bxg6 hxg6 18. Ne4 Qd5 19. dxe5 Nxe5 20. Nxf6+ gxf6 {1-0 (33) Crepan,M (2250)-Varga,P (2478) Kostrena 2003}) 16... Rad8 17. Nf4 e5 18. Nxg6 hxg6 19. dxe5 Nxe5 20. Nxe5 Qxd1 21. Bxd1 Bxe5 22. Bb3 Nd5 23. Rd1 Nf4 24. Be3 b6 25. Bc4 Rfe8 26. g3 Ne6 27. Rxd8 Nxd8 28. Kg2 Nb7 29. g4 Kf8 30. Bb5 Re6 31. a4 a5 32. Rd1 Rd6 33. Re1 {[#] And now f4 would win.} Re6 $1 34. Bg5 Bf6 (34... Nc5 $14) 35. Rxe6 $16 fxe6 {[%mdl 4096] Endgame KBB-KBN} 36. Bf4 e5 37. Be3 g5 38. Kf3 Nd6 39. Bc6 Ke7 40. Ke2 Nc4 {[#]} 41. Bc1 $1 Ke6 (41... Kd6 $16 42. Bf3 Kd7) 42. Kd3 $18 Nd6 43. f3 Nf7 44. b4 e4+ 45. Kxe4 Nd6+ 46. Kd3 Nf7 {White must now prevent ...Ne5+.} 47. Kc4 {Threatens to win with Bd5+.} Kd6 48. Be4 c6 49. bxa5 bxa5 50. Kb3 Kc7 51. f4 Kb6 $2 (51... gxf4 $16 52. Bxf4+ Kb7) 52. Bg6 Nh8 53. Be8 gxf4 54. Bxf4 g5 55. Bd6 Kb7 56. Kc4 Kb6 57. Bc5+ Kc7 58. Bd4 Bxd4 59. Kxd4 {White mates.} Kd6 60. Bh5 c5+ 61. Ke4 Ke6 62. c4 Nf7 63. Bxf7+ $1 {Precision: White = 64%, Black = 46%.} 1-0

[Event "FIDE WCCC U12 2018"]
[Site "Santiago de Compostela"]
[Date "2018.11.14"]
[Round "10"]
[White "Tugstumur, Yesuntumur"]
[Black "Sethuraman, Sandeep"]
[Result "1-0"]
[WhiteElo "2331"]
[BlackElo "1837"]
[Annotator "TA"]
[PlyCount "89"]
[EventDate "2018.11.04"]
[EventType "swiss"]
[EventCountry "ESP"]
[SourceTitle "playchess.com"]
[Source "ChessBase"]
[SourceQuality "1"]

{[%evp 25,89,0,0,-1,-9,-4,23,33,54,54,72,60,70,33,27,41,38,46,43,47,41,8,53,18,8,0,0,6,16,-47,77,73,92,8,0,-13,67,67,67,75,69,71,130,125,143,127,156,147,140,121,239,170,335,335,289,257,1531,1545,1479,1416,29989,29990,29990,29991,29991,4686]} 1. d4 Nf6 2. c4 e6 3. Nf3 d5 4. g3 Be7 5. Bg2 O-O 6. O-O dxc4 7. Qa4 a6 8. Qxc4 b5 9. Qc2 Bb7 10. Bd2 Be4 11. Qc1 c6 {E05: Katalanisch} 12. Nc3 (12. Rd1 Nbd7 13. Nc3 Bg6 14. Bg5 Rc8 15. a3 a5 16. h4 h6 17. Bxf6 Bxf6 18. Qe3 Qb6 19. Ne4 {½-½ (28) Kramnik,V (2787)-So,W (2792) Wijk aan Zee 2018}) 12... Bxf3 13. Bxf3 Qxd4 {LiveBook: 6 Partien. Die Stellung ist ausgeglichen.} 14. Rd1 Qb6 15. a4 $146 ({Vorgänger:} 15. Be3 Qb7 16. a4 Nd5 17. Ne4 Nd7 18. Nc5 Nxc5 19. Bxc5 {0-1 (32) Abdilkhair,A (1990)-Nihal,S (2340) chess.com INT 2017}) 15... b4 16. a5 Qc7 17. Na2 $1 Qxa5 {Weiss muss nun ...Db5 beachten.} 18. Nxb4 $1 Qb6 19. Nd3 {[%mdl 1024] Weiss hat Kompensation.} ({Ein No Go ist} 19. Bxc6 Ng4 $11) 19... Nd5 20. Qc4 Nd7 21. Rdc1 Rfc8 22. e4 N5f6 23. h4 Bd6 24. Be3 (24. Bc3 $5 {[%cal Re4e5]} Bxg3 25. Bd4 $11) 24... Qc7 25. Rxa6 Rxa6 26. Qxa6 Bxg3 27. Kg2 (27. b4 $11 Bxh4 28. b5) 27... Be5 {[#]} (27... Bxh4 $15 {behält die Oberhand.} 28. b4 Nb8) 28. b4 $1 $16 Nb8 29. Qc4 (29. Qa4 $16) 29... Nfd7 $11 30. b5 Bd6 ({Günstiger ist} 30... Qd8 $1 $11) 31. e5 $1 $14 {[%cal Re5d6]} Nxe5 32. Nxe5 Bxe5 33. bxc6 Qe7 {[#]} ({Besser ist} 33... Qa5) 34. Qb5 $1 $36 {[%cal Rb5e5][%mdl 2048] Schwarz steht unter starkem Druck.} Bd6 35. Rd1 Bc7 36. Qb7 Qe8 37. Ba7 Be5 {[#]} (37... h5 $16 {war einen Versuch wert.} 38. Bc5 Kh7) 38. Rd7 $1 {[%mdl 512]} Nxc6 $2 (38... Bf6 39. Bc5 Rxc6 40. Bxc6 Nxd7 41. Bxd7 Qd8) (38... Nxd7 39. cxd7) 39. Bxc6 $18 {Und Te7 würde nun gewinnen.} Bf6 40. Bb5 Rd8 $2 (40... Rc2 41. Qe4 Rc8) 41. Rc7 Qf8 42. Bc5 Rd6 43. Bxd6 {Weiß setzt Matt.} Qxd6 44. Rc8+ Bd8 45. Qd7 {Precision: Weiß = 65%, Schwarz = 38%.} (45. Qa8 $142 h6 46. Rxd8+ Qxd8 47. Qxd8+ Kh7 48. h5 e5 49. Qf8 e4 50. Qxf7 Kh8 51. Bc4 Kh7 52. Qg8#) 1-0

[Event "FIDE WCCC U12 2018"]
[Site "Santiago de Compostela"]
[Date "2018.11.14"]
[Round "10"]
[White "Kostolansky, Sebastian Lukas"]
[Black "Park, Evan"]
[Result "1-0"]
[WhiteElo "2323"]
[BlackElo "1997"]
[Annotator "TA"]
[PlyCount "67"]
[EventDate "2018.11.04"]
[EventType "swiss"]
[EventCountry "ESP"]
[SourceTitle "playchess.com"]
[Source "ChessBase"]
[SourceQuality "1"]

{[%evp 16,67,52,-10,22,-13,-22,-48,-37,-75,-61,-59,-37,-53,-58,-43,-41,-45,18,-51,-31,-42,51,56,52,54,59,63,47,50,80,51,68,30,46,37,26,23,33,15,20,20,21,29,29,23,54,-8,184,133,1011,1006,962,585]} 1. e4 e5 2. Nf3 Nc6 3. Bb5 a6 4. Ba4 d6 5. c3 Bd7 6. O-O g6 7. d4 Bg7 8. Bg5 f6 9. Bh4 {LiveBook: 6 Games. C76: Ruy Lopez: Deferred Steinitz: 5 c3 Bd7 6 d4 g6} ({White should play} 9. Be3 $14) (9. Be3 Nh6 10. Bb3 Qe7 11. Bd5 Nd8 12. dxe5 dxe5 13. h3 Nhf7 14. Nbd2 Be6 15. Qa4+ Qd7 16. Qxd7+ Kxd7 17. Rad1 Bxd5 {0-1 (52) Fedoseev,V (2718)-Mamedyarov,S (2799) Riadh 2017}) 9... Nge7 10. dxe5 $146 ({Predecessor:} 10. Nbd2 h5 11. h3 g5 12. Bg3 Ng6 13. d5 Nce7 14. h4 g4 15. Nh2 f5 16. f4 exf4 17. Bxf4 Nxf4 18. Rxf4 {0-1 (24) Fullbrook,N (2260)-Berry,J (2272) Vancouver 2000}) 10... dxe5 11. Bb3 {The position is equal.} Na5 12. Bd5 c6 13. Bb3 $1 Nxb3 14. Qxb3 Qc8 15. Nbd2 {White wants to play Nc4.} b5 16. a4 c5 (16... Be6 $15 17. Qb4 g5) 17. Qa3 (17. axb5 $11 axb5 18. c4) 17... g5 $15 ({Much worse is} 17... bxa4 $6 18. Nc4 $14) 18. Bg3 bxa4 ({Better is} 18... Kf7 $15) 19. Nc4 $14 {Threatens to win with Nd6+.} Qc7 20. Rfd1 $36 {[%mdl 2048] White is more active.} O-O 21. Nb6 Qxb6 22. Rxd7 Ng6 23. Qxa4 Qxb2 24. Qc4+ (24. Qd1 $5 {[%cal Ra1b1]}) 24... Kh8 25. Rad1 Qb5 26. Qe6 Rae8 27. Qg4 Re7 28. Rxe7 Nxe7 29. h4 Qa4 30. Rd6 Nc8 31. Re6 {[#]} (31. Rd3 $14) 31... Qc4 $2 {[#]} (31... f5 $1 $11 {[%mdl 512] and Black has nothing to worry.} 32. Qxg5 (32. exf5 Qxg4) 32... f4 33. Bxf4 exf4) 32. Rc6 (32. Bxe5 $1 $18 {[%mdl 512]} a5 {[#]} (32... fxe5 33. Nxg5) 33. Nxg5 $1 {[%mdl 512]}) 32... Qb5 $2 {[%mdl 8192]} (32... f5 $16 33. Qxg5 (33. Nxe5 fxg4 34. Nxc4 gxh4 $16) 33... f4) 33. Rxc8 $18 Qc4 34. Rc6 {Precision: White = 29%, Black = 40%.} 1-0

[Event "FIDE WCCC U12 2018"]
[Site "Santiago de Compostela"]
[Date "2018.11.14"]
[Round "10"]
[White "Ghazarian, Kirk"]
[Black "Laux, Dominik"]
[Result "1/2-1/2"]
[WhiteElo "2264"]
[BlackElo "1973"]
[Annotator "TA"]
[PlyCount "65"]
[EventDate "2018.11.04"]
[EventType "swiss"]
[EventCountry "ESP"]
[SourceTitle "playchess.com"]
[Source "ChessBase"]
[SourceQuality "1"]

{[%evp 23,65,12,33,2,27,24,66,45,41,41,54,59,62,59,64,33,34,28,32,26,36,39,32,16,33,0,23,0,9,-37,58,62,73,67,75,37,46,12,17,16,8,0,0,0]} 1. d4 d5 2. c4 c6 3. Nf3 Nf6 4. e3 Bf5 5. Nc3 e6 6. Nh4 Bg4 7. Qb3 Qb6 8. h3 Bh5 9. Bd2 {D12: Slav Defence: 3 Nf3 Nf6 4 e3 Bf5} Nbd7 10. g4 Bg6 11. Nxg6 hxg6 12. g5 Ng8 {LiveBook: 4 Games} 13. Bd3 Be7 $146 ({Predecessor:} 13... Ne7 14. f4 Nf5 15. Kf2 Be7 16. Rag1 O-O-O {0-1 (54) Sanchez Alarcos Galian,V (2020)-Serrano Salvador,E (2376) Alcala de Henares 2007}) 14. f4 dxc4 15. Bxc4 Qxb3 16. Bxb3 Bd6 17. Kf2 Ne7 18. e4 O-O-O 19. h4 a6 20. Rac1 Kb8 21. Be3 {[%cal Bd2e3,Be3d4,Bd4c3][%mdl 32]} c5 22. Ne2 {[%cal Rd4c5]} cxd4 23. Bxd4 e5 24. Bc3 f6 25. Ke3 Nc6 26. Bd5 exf4+ (26... Nb4 $15) 27. Nxf4 $14 Bxf4+ 28. Kxf4 Nce5 29. Rcf1 Rh5 30. gxf6 gxf6 {The position is equal.} 31. Ke3 Rdh8 32. Be6 Nc5 33. Bd5 {Precision: White = 51%, Black = 54%.} 1/2-1/2

[Event "FIDE WCCC U12 2018"]
[Site "Santiago de Compostela"]
[Date "2018.11.14"]
[Round "10"]
[White "Wang, Jason"]
[Black "Xu, Arthur"]
[Result "1/2-1/2"]
[WhiteElo "2229"]
[BlackElo "2034"]
[Annotator "TA"]
[PlyCount "79"]
[EventDate "2018.11.04"]
[EventType "swiss"]
[EventCountry "ESP"]
[SourceTitle "playchess.com"]
[Source "ChessBase"]
[SourceQuality "1"]

{[%evp 9,79,46,69,58,79,35,34,39,39,40,30,43,33,0,7,-3,0,-11,0,-2,22,24,16,19,25,9,31,27,20,15,16,9,16,14,9,6,27,27,44,40,52,43,51,50,43,45,59,62,64,29,40,35,46,31,40,17,23,23,30,2,10,2,2,2,2,0,0,0,0,0,20,0]} 1. d4 {Huebner,R} d5 2. c4 c6 3. Nc3 Nf6 4. e3 Qb6 5. Qc2 Be6 6. Nf3 {D10: Slav Defence: 3 cxd5 (without early Nf3) and 3 Nc3} dxc4 7. Ne5 $146 ({Predecessor:} 7. Ng5 Bg4 8. Bxc4 e6 9. f3 Bh5 10. Qf2 c5 11. d5 exd5 12. Nxd5 Nxd5 13. Bxd5 {½-½ (52) Kasparov,G (2813)-Morozevich,A (2758) Moscow 2004 CBM 104 [Huebner,R]}) 7... Nbd7 8. Nxc4 {White is slightly better.} Bxc4 9. Bxc4 e5 10. O-O Bd6 11. Ne2 O-O 12. Rd1 Qc7 13. Ng3 exd4 14. Rxd4 Ne5 15. Be2 Ng6 16. Rd1 Rad8 17. b3 Nd5 18. Bb2 Be5 19. Bf3 Nb4 20. Qe2 Bxb2 21. Qxb2 Qe5 22. Qe2 Qa5 23. a3 {[#] Hoping for Rxd8.} Na6 24. b4 Qb6 25. Nf5 Nc7 $1 26. Qb2 {[%csl Gf5][%cal Rb2g7]} Ne6 27. Be2 Rxd1+ 28. Rxd1 Rd8 29. Rxd8+ Qxd8 30. h3 {[%cal Bh2h3,Bh3g4,Bg4f5][%mdl 32]} Qd5 31. g4 h5 32. Qc3 hxg4 33. hxg4 Qd7 34. f3 Ne7 {The position is equal.} 35. Qe5 Nxf5 36. gxf5 Nf8 37. Kf2 Qd8 38. Qf4 Nh7 39. Bc4 Nf6 40. Qe5 {Precision: White = 41%, Black = 52%.} 1/2-1/2

[Event "FIDE WCCC U12 2018"]
[Site "Santiago de Compostela"]
[Date "2018.11.14"]
[Round "10"]
[White "Chasin, Nico"]
[Black "Lazavik, Denis"]
[Result "1/2-1/2"]
[WhiteElo "2189"]
[BlackElo "2235"]
[Annotator "TA"]
[PlyCount "132"]
[EventDate "2018.11.04"]
[EventType "swiss"]
[EventCountry "ESP"]
[SourceTitle "playchess.com"]
[Source "ChessBase"]
[SourceQuality "1"]

{[%evp 22,132,11,4,23,20,18,17,20,22,26,15,9,6,18,8,17,0,0,0,0,-34,-25,-80,-89,-96,-55,-47,0,11,0,0,100,113,134,72,260,215,291,218,209,211,225,137,250,214,233,205,219,208,206,210,209,218,381,377,721,707,1262,672,29969,-37,-37,-37,-37,-61,-72,-511,-497,-804,-305,-326,-32,-30,-21,-471,-413,-687,-637,-768,-671,-613,-510,-493,0,-455,-377,-401,-74,-83,-8,-8,-8,-8,-8,-254,-14,-14,0,0,0,-14,0,-230,0,-14,-14,-14,0,0,0,0,0]} 1. d4 d5 2. c4 c6 3. cxd5 cxd5 4. Bf4 Nc6 5. e3 Nf6 6. Nc3 Bf5 7. Qb3 Na5 8. Qa4+ {D10: Slav Defence: 3 cxd5 (without early Nf3) and 3 Nc3} Bd7 9. Qc2 e6 10. Bd3 Nc6 11. Qe2 Be7 12. h3 {LiveBook: 5 Games} O-O 13. Nf3 Qa5 14. O-O Rfc8 {[#]} 15. a3 $146 Qd8 16. Ne5 Be8 17. Rfd1 a6 {[%cal Ba7a6,Ba6a5][%mdl 32]} 18. Rac1 Nxe5 19. dxe5 Nd7 $1 20. Bc2 Qb6 21. Qd3 g6 22. b4 (22. Rb1 $11 {remains equal.}) 22... a5 $1 $17 23. Na4 Qa7 24. b5 Nc5 (24... Rc4 $15 25. Nb2 Rc7) 25. Nxc5 $11 Qxc5 26. a4 Qb6 (26... Qa3 $11) 27. e4 $16 dxe4 28. Qxe4 (28. Qe2 $142) 28... Bc5 $2 (28... Ba3 $16 {is a better defense.}) 29. Qf3 $18 Rd8 30. Be4 Rxd1+ 31. Rxd1 Rb8 32. h4 Bf8 (32... Bd4 $16 {keeps fighting.} 33. Rc1 Bd7) 33. Bg5 Qc7 34. h5 Qc4 35. hxg6 ({Not} 35. Bxb7 Qxa4 36. Bc6 Rc8 $14) 35... fxg6 36. Bxb7 Qxa4 {aiming for ...Rxb7!} 37. Bc6 Bg7 $2 (37... Qc2 38. Rd2 Qc1+ 39. Kh2 Qc5) 38. Bf6 Bxc6 $2 (38... Bf8 39. Kh2 Qc4 40. Bxe8 Rxe8) 39. bxc6 Rf8 40. Rc1 Bh6 {[#]} 41. Rc3 $2 (41. Qh3 $3 {[%mdl 512] mates} Rf7 42. Qxh6 Qd4 43. c7 Rxc7 44. Rxc7 Qd1+ 45. Kh2 Qh5+ 46. Qxh5) 41... Qa1+ $15 42. Kh2 {Black must now prevent c7.} Bf4+ $1 43. g3 Bxe5 $1 44. Ra3 $2 {[%mdl 8192]} (44. Rc2 $17 Qa4 45. Qe2 Rxf6 46. Qxe5 Qxc2 47. Qxf6 Qxc6 48. Qd8+ Kf7 49. Qxa5) 44... Qc1 $1 $19 ({Inferior is} 44... Rxf6 45. c7 $11) 45. Qe4 (45. Rxa5 $142 Bxf6 46. Qe2) 45... Bxf6 $2 (45... Rxf6 46. Rf3 Rxf3 47. Qxf3 Qc5) 46. Qxe6+ Kh8 $2 (46... Kg7 $1 $19 47. Rd3 Qc5 48. Rd7+ Kh8) 47. Rf3 $15 Kg7 {[#] Threatens to win with ...Qc5.} 48. Rd3 $2 {[%mdl 8192]} (48. Rxf6 $1 $11 {[%mdl 512]} Qh6+ (48... Rxf6 49. Qd7+) 49. Kg2 Rxf6 50. Qe7+ Rf7 51. Qc5) 48... Qc2 49. Rd7+ (49. Rf3 $142) 49... Kh8 $19 50. Kg1 Bg7 51. f4 Qc5+ 52. Kg2 Qc2+ $2 (52... g5 $1 $19 {[%cal Rg5f4]} 53. Qd6 Qc2+ 54. Kf3 gxf4 55. gxf4 Qb3+ 56. Kf2 Re8) 53. Kh3 $2 {[%mdl 8192]} (53. Kg1 $1 $11 g5 54. Qd6) 53... Qc1 $1 {[%cal Rc1h1]} 54. Kg2 {[#]} Qb2+ $2 (54... Bd4 $1 $19 {[%mdl 512] has better winning chances. Strongly threatening ...Qg1+.} 55. Qd5 (55. Rxd4 Qb2+) 55... Qg1+ 56. Kh3 Qf1+ 57. Qg2 Qxg2+ 58. Kxg2 Bc5) 55. Kh3 $17 Qf6 ({Better is} 55... Qb1 $17 {( -> ...Qh1+)} 56. Qd5 Qf1+ 57. Qg2 Qe1) 56. Qd5 $1 $11 {[#]} g5 $1 57. fxg5 (57. Qxg5 Qxg5) 57... Qf1+ 58. Kg4 $2 {[#]} (58. Kh4 $11) 58... Qe2+ $2 (58... h5+ $1 $19 59. gxh6 (59. Kxh5 Qh3+) 59... Qe2+ 60. Kh3 Be5) 59. Kh3 $1 Qh5+ 60. Kg2 Qe2+ 61. Kh3 Qf1+ $2 (61... Be5 $11 62. Rd8 Rxd8 63. Qxd8+ Kg7 64. Qd7+ Kg6 65. Qe6+ Kxg5 66. Qe7+ Kf5 67. Qxh7+ Ke6 68. Qg8+ Kd6 69. Qd8+ Kxc6 70. Qxa5 Qf1+ 71. Kg4 Qc4+ 72. Kh3 Qe6+ 73. Kh2 Kd7) 62. Kg4 $19 {[#]} Qe2+ $2 ({Black should try} 62... h5+ $1 $19 63. gxh6 (63. Kxh5 Qh3+) 63... Qe2+ 64. Kh3 Be5) 63. Kh3 $1 $11 {The position is equal.} Be5 64. Rd8 $1 {[%cal Rd8f8]} Qh5+ 65. Kg2 Qe2+ 66. Kh3 Qh5+ {Precision: White = 43%, Black = 32%.} 1/2-1/2

[Event "FIDE WCCC U12 2018"]
[Site "Santiago de Compostela"]
[Date "2018.11.14"]
[Round "10"]
[White "Milikow, Elie"]
[Black "Haack, Kevin"]
[Result "1-0"]
[WhiteElo "2173"]
[BlackElo "1911"]
[Annotator "TA"]
[PlyCount "67"]
[EventDate "2018.11.04"]
[EventType "swiss"]
[EventCountry "ESP"]
[SourceTitle "playchess.com"]
[Source "ChessBase"]
[SourceQuality "1"]

{[%evp 22,67,22,16,79,67,57,69,105,53,60,0,0,0,0,0,43,37,66,64,118,91,225,225,214,221,221,229,384,384,384,384,379,375,366,366,2261,2268,2151,2118,2091,2063,29993,29994,29994,29995,29997,539]} 1. e4 d6 2. d4 Nf6 3. Nc3 Nbd7 4. Nf3 e5 5. Bc4 Be7 6. O-O O-O 7. Re1 a6 8. a4 b6 {C41: Philidor-Verteidigung} 9. Nd5 (9. h3 Bb7 10. d5 Ne8 11. b4 Bc8 12. a5 b5 13. Bd3 g6 14. Ne2 Ng7 15. c4 bxc4 16. Bxc4 {½-½ (34) Anand,V (2779)-Jobava,B (2702) Doha 2016}) 9... Bb7 10. Nxe7+ Qxe7 11. Bd3 Rfe8 12. d5 {LiveBook: 9 Partien} h6 (12... Nc5 $11) 13. Nh4 $16 Nc5 14. Nf5 Qf8 15. Re3 $146 ({Besser ist} 15. Qf3 $16) ({Vorgänger:} 15. Qf3 Nh7 16. b4 Nxd3 17. cxd3 {½-½ (26) Noritsyn,N (2401)-Gagunashvili,M (2596) Toronto 2010}) 15... Bc8 $14 16. g4 (16. Qf3 $14) 16... Bxf5 17. gxf5 Qe7 18. Qe2 Qd7 19. Rg3 Kh7 20. Kh1 b5 (20... Kh8 $14) 21. Qe3 {Beabsichtigt Txg7+! und Matt.} Rg8 {[#]} (21... Rh8 $16 {kämpft weiter.}) 22. Rxg7+ $3 $18 {[%mdl 512]} Rxg7 23. Qxh6+ Kg8 24. Qxf6 $40 {[%mdl 128] Und Lh6 würde nun gewinnen. Weiss geht auf den König.} Nxd3 $2 (24... Qd8 {ist wohl besser.} 25. Qxd8+ Rxd8 26. axb5 axb5) 25. cxd3 {jetzt Lh6 und aus.} Qd8 26. Qxd8+ Rxd8 27. axb5 axb5 {[%mdl 4096] Endspiel [#] KTT-KTL} 28. Bh6 $1 Rh7 $2 (28... Rc8 29. Bxg7 Kxg7) 29. Rg1+ Kh8 30. Bg5 {Droht Matt per Lf6+.} Rg8 31. Bf6+ Rhg7 32. Rg3 {[%cal Rg3h3] Weiß setzt Matt.} Ra8 33. Rxg7 Ra2 34. Rg4+ {Precision: Weiß = 80%, Schwarz = 26%.} 1-0